El ingenioso hidalgo don quijote de la mancha : tomo i /

Guardado en:
Autor Principal: Cervantes Saavedra, Miguel de
Otros Autores: Morínigo, Marcos, pról.
Formato: Libro
Publicado: Buenos Aires : Eudeba, 2005
Edición:2a. ed.
Materias:
Etiquetas: Agregar Etiqueta
Sin Etiquetas, Sea el primero en etiquetar este registro!
LEADER 01178nam a22003015a 4500
001 CEM.cems013198
005 20091026112715.0
008 130507s2005##################000#0#####d
003 CEMS
020 |a 9502313550 
082 0 4 |a 863.3 
100 1 |a Cervantes Saavedra, Miguel de 
245 1 0 |a El ingenioso hidalgo don quijote de la mancha :  |b tomo i /  |c Miguel de Cervantes Saavedra ; prólogo de Marcos Morínigo 
250 |a 2a. ed. 
260 |a Buenos Aires :  |b Eudeba,  |c 2005 
300 |a 444 p. 
500 |a Edición anotada por Celina Sabor de Cortazar e Isaías Lerner 
653 |a Literatura 
653 |a Literatura española 
653 |a Novelas 
653 |a Novela española 
653 |a Novela española-siglo de oro 
700 1 |a Morínigo, Marcos, pról. 
859 |a CEMS  |b BIB. CEMS - 11 de abril  |h 863.3  |i C337a2  |p 25673.09  |t Ej.1  |v I  |3 I 
859 |a CEMS  |b BIB. CEMS - 11 de abril  |h 863.3  |i C337a2  |p 25674.09  |t Ej.2  |v I  |3 I 
859 |a CEMS  |b BIB. CEMS - 11 de abril  |h 863.3  |i C337a2  |p 25675.09  |t Ej.3  |v I  |3 I 
859 |a CEMS  |b BIB. CEMS - 11 de abril  |h 863.3  |i C337a2  |p 25676.09  |t Ej.4  |v I  |3 I 
859 |a CEMS  |b BIB. CEMS - 11 de abril  |h 863.3  |i C337a2  |p 25696.09  |t Ej.5  |v I  |3 I